Shōwa seiji keizaishi e no shōgen /

Disimpan dalam:
Butiran Bibliografi
Pengarang Utama: Andō, Yoshio, 1917-1985.
Format: Buku
Bahasa:Japanese
Diterbitkan: Tōkyō : Mainichi Shinbunsha, Shōwa 47 [1972]
Subjek-subjek:
Penanda-penanda: Tambah Penanda
Tiada Penanda, Jadilah orang pertama menanda rekod ini!
LEADER 01485nam a2200301 i 4500
001 007764448-4
005 20024617121422.0
008 951020r19721965ja 000 0 jpn
010 |a 72816194 /J 
015 |a Ja72-14303 
035 0 |a ocm33337956 
040 |a DLC  |c NIC  |d *YNH*  |d CStRLIN 
050 0 |a HC462.8  |b .A75 1972 
100 1 |6 880-01  |a Andō, Yoshio,  |d 1917-1985. 
245 0 0 |6 880-02  |a Shōwa seiji keizaishi e no shōgen /  |c Andō Yoshio hencho. 
260 |6 880-03  |a Tōkyō :  |b Mainichi Shinbunsha,  |c Shōwa 47 [1972] 
300 |a 3 v. ;  |c 20 cm. 
500 |6 880-04  |a 1965 ed. published under title: Shōwa keizaishi e no shōgen. 
500 |6 880-05  |a Zasshi "Ekonomisuto" shijō ni Shōwa 39-nen 5-gatsu 5-nichi gō ... kara Shōwa 41-nen 5-gatsu 24-nichi gō made ... rensaisareta "Shōwa keizaishi e no shōgen" ni ... hotei o kuwae ... ta mono. 
651 0 |a Japan  |x Economic conditions  |y 1918-1945. 
651 0 |a Japan  |x Economic conditions  |y 1945- 
880 1 |6 100-01  |a 安藤良雄,  |d 1917- 
880 0 0 |6 245-02  |a 昭和政治経済史への証言 /  |c 安藤良雄編著. 
880 |6 260-03  |a 東京 :  |b 每日新聞社,  |c 昭和47 [1972] 
880 |6 500-04  |a 1965 ed. published under title: 昭和経済史への証言. 
880 |6 500-05  |a 雑誌「エコノミスト」誌上に昭和39年5月5日号 ... から昭和41年5月24日号まで ... 連載された「昭和経済史への証言」に ... 補訂を加え ... たもの. 
988 |a 20021219 
906 |0 DLC